Turn off (Record no. 118219)

MARC details
000 -LEADER
fixed length control field 01037cam a2200217 4500
001 - CONTROL NUMBER
control field WB@3612-282
008 - FIXED-LENGTH DATA ELEMENTS--GENERAL INFORMATION
fixed length control field 041026n2004 000 0 eng u
035 ## - SYSTEM CONTROL NUMBER
System control number (Sirsi) u127817
245 ## - TITLE STATEMENT
Title Turn off
260 ## - PUBLICATION, DISTRIBUTION, ETC.
Date of publication, distribution, etc. 2004
490 ## - SERIES STATEMENT
Series statement DEFRA News Release
Volume/sequential designation 25 October 2004 (2)
520 ## - SUMMARY, ETC.
Summary, etc. New research from the Energy Saving Trust and UK Climate Change Impact Programme shows a clear link between climate change and how people use energy in the home. Millions of people could save money on fuel bills and help cut harmful greenhouse gases by joining a big energy-saving turn off campaign. The campaign is part of Energy Efficiency Week and is supported by DEFRA. For further details on the campaign and how to save energy in the home go to: http://www.est.org.uk/myhome/. http://www.defra.gov.uk/news/issues/2004/energy-04 1025.htm
590 ## - LOCAL NOTE (RLIN)
Local note WB
590 ## - LOCAL NOTE (RLIN)
Local note WB
650 ## - SUBJECT ADDED ENTRY--TOPICAL TERM
Topical term or geographic name entry element ENERGY CONSUMPTION
650 ## - SUBJECT ADDED ENTRY--TOPICAL TERM
Topical term or geographic name entry element ENERGY-SAVING
650 ## - SUBJECT ADDED ENTRY--TOPICAL TERM
Topical term or geographic name entry element FUEL BILLS
650 ## - SUBJECT ADDED ENTRY--TOPICAL TERM
Topical term or geographic name entry element HOMEOWNERS
690 ## - LOCAL SUBJECT ADDED ENTRY--TOPICAL TERM (OCLC, RLIN)
Topical term or geographic name as entry element ENERGY-EFFICIENCY
942 ## - ADDED ENTRY ELEMENTS (KOHA)
Suppress in OPAC 0
Holdings
Withdrawn status Lost status Source of classification or shelving scheme Damaged status Not for loan Home library Current library Shelving location Date acquired Total Checkouts Full call number Barcode Date last seen Copy number Price effective from Koha item type
    Dewey Decimal Classification     London London News article 26/10/2004   WB4041-06 127817-1001 06/08/2019 1 06/08/2019 News article